Nyayadhipan/ (Record no. 31947)

000 -LEADER
fixed length control field 00398nam a22001571a 4500
020 ## - INTERNATIONAL STANDARD BOOK NUMBER
International Standard Book Number 9788171804313
082 ## - DEWEY DECIMAL CLASSIFICATION NUMBER
Classification number M3
Item number JOY/N
100 ## - MAIN ENTRY--PERSONAL NAME
Personal name Joy Vazhayil
9 (RLIN) 144436
245 ## - TITLE STATEMENT
Title Nyayadhipan/
Statement of responsibility, etc. by Joy Vazhayil
260 ## - PUBLICATION, DISTRIBUTION, ETC.
Place of publication, distribution, etc. Kozhikode:
Name of publisher, distributor, etc. Poorna,
Date of publication, distribution, etc. 1995.
300 ## - PHYSICAL DESCRIPTION
Extent 131p.
650 ## - SUBJECT ADDED ENTRY--TOPICAL TERM
Topical term or geographic name entry element Novel Malayalam
9 (RLIN) 144437
650 ## - SUBJECT ADDED ENTRY--TOPICAL TERM
Topical term or geographic name entry element Literature Malayalam
9 (RLIN) 144438
650 ## - SUBJECT ADDED ENTRY--TOPICAL TERM
Topical term or geographic name entry element Literature
9 (RLIN) 144439
942 ## - ADDED ENTRY ELEMENTS (KOHA)
Koha item type Book
Holdings
Withdrawn status Lost status Damaged status Not for loan Permanent Location Current Location Date acquired Cost, normal purchase price Total Checkouts Full call number Barcode Date last seen Cost, replacement price Price effective from Koha item type
        Sree Sankaracharya University of Sanskrit Sree Sankaracharya University of Sanskrit 08.01.2015 35.00   M3 JOY/N 029455 08.01.2015 0.00 08.01.2015 Book